US State University Systems by Campuses - Statistics

General Stats
  • This quiz has been taken 116 times
  • The average score is 17 of 18
Answer Stats
Hint Answer % Correct
Arlington, Austin, Dallas Texas
100%
Amherst, Boston, Dartmouth Massachusetts
99%
Anchorage, Fairbanks, Southeast Alaska
98%
Berkeley, Davis, Irvine California
98%
Anschutz, Boulder, _____ Springs Colorado
98%
Asheville, Chapel Hill, Charlotte North Carolina
98%
Chicago, Springfield, Urbana-Champaign Illinois
97%
Hilo, Mānoa, West Oʻahu Hawaii
95%
Birmingham, Huntsville, Tuscaloosa Alabama
94%
Avery Point, Hartford, Stamford Connecticut
94%
Kearney, Lincoln, Omaha Nebraska
94%
Chattanooga, Knoxville, Martin Tennessee
94%
_____ City, Stillwater, Tulsa Oklahoma
93%
Augusta, Farmington, South Kent Maine
91%
Eau Claire, Green Bay, La Crosse Wisconsin
90%
Crookston, Duluth, Morris Minnesota
86%
Aiken, Beaufort, Columbia South Carolina
80%
Fayetteville, Fort Smith, Grantham Arkansas
72%
No matching quizzes found
Score Distribution
Percent of People with Each Score
Percentile by Number Answered
Your Score History
You have not taken this quiz